|
|
|
|
| LEADER |
01110nam a2200265 a 4500 |
| 001 |
1525204 |
| 008 |
090621s1991 nyua b 001 0 eng d |
| 010 |
|
|
|a 90025064
|
| 020 |
|
|
|a 0442234988
|
| 040 |
|
|
|a DLC
|c DLC
|d DLC
|
| 082 |
0 |
0 |
|a 690
|2 20
|
| 100 |
1 |
|
|a Ching, Frank,
|d 1943-
|
| 245 |
1 |
0 |
|a Building construction illustrated /
|c Francis D.K. Ching with Cassandra Adams.
|
| 250 |
|
|
|a 2nd ed.
|
| 260 |
|
|
|a New York :
|b Van Nostrand Reinhold,
|c c1991.
|
| 300 |
|
|
|a 1 v. (various pagings) :
|b ill. ;
|c 28 cm.
|
| 504 |
|
|
|a Includes bibliographical references and index.
|
| 541 |
1 |
|
|e 00011710
|
| 650 |
|
0 |
|a Building.
|
| 650 |
|
0 |
|a House construction.
|
| 700 |
1 |
|
|a Adams, Cassandra.
|
| 852 |
4 |
|
|a Ayesha Abed Library
|j General Shelf.
|
| 999 |
|
|
|c 1807
|d 1807
|
| 952 |
|
|
|0 0
|1 0
|2 ddc
|4 0
|6 690_CHI_199100000000000
|7 0
|9 1655
|a BRACUL
|b BRACUL
|c GEN
|d 2009-06-29
|g 0.00
|l 0
|o 690 CHI
|p 3010011710
|r 2009-06-29
|t 1
|w 2009-06-29
|y BK
|x No price found in the accession register.
|
| 952 |
|
|
|0 0
|1 0
|2 ddc
|4 0
|6 690_CHI_199100000000000
|7 0
|9 9292
|a BRACUL
|b BRACUL
|c GEN
|d 2010-04-19
|l 2
|m 5
|o 690 CHI
|p 3010011651
|r 2020-01-26
|s 2019-05-15
|t 2
|w 2010-04-19
|y BK
|